[Event "FIDE Women Grand Prix"]
[Site "Ulaanbaatar MGL"]
[Date "2010.08.11"]
[EventDate "2010.07.30"]
[Round "11"]
[Result "1/2-1/2"]
[White "Antoaneta Stefanova"]
[Black "Yifan Hou"]
[WhiteElo "2560"]
[BlackElo "2577"]
[PlyCount "120"]

1. Nf3 Nf6 2. c4 e6 3. g3 d5 4. Bg2 Be7 5. O-O O-O 6. b3 b6
7. Bb2 c5 8. e3 Bb7 9. Nc3 Nc6 10. cxd5 Nxd5 11. Nxd5 Qxd5
12. d4 Na5 13. Nh4 Qd8 14. dxc5 Bxh4 15. gxh4 Qxh4 16. Bxb7
Nxb7 17. c6 Nc5 18. Qd4 Qh6 19. Rad1 Rac8 20. b4 Na4 21. Ba1
e5 22. Qxe5 Qg6+ 23. Kh1 Qxc6+ 24. f3 f6 25. Qg3 Rf7 26. Rg1
Nc3 27. Rd2 Qc7 28. Qg2 Nb5 29. e4 Na3 30. Qg4 Nc4 31. Rd3 Ne5
32. Bxe5 fxe5 33. Rgd1 Rcf8 34. Rd7 Qc6 35. Rxf7 Rxf7 36. Rd8+
Rf8 37. Rxf8+ Kxf8 38. Qf5+ Qf6 39. Qc8+ Kf7 40. Kg2 Qg5+
41. Kf1 Qh5 42. Qd7+ Kf6 43. Qd6+ Kf7 44. Qd7+ Kf6 45. Qd8+
Kf7 46. Kg2 Qg6+ 47. Kf2 Qe6 48. a3 Qe7 49. Qd5+ Qe6 50. Qa8
Qd7 51. Kg3 Qe7 52. h4 Kg6 53. Qc8 Qf6 54. Qg4+ Kf7 55. Qd7+
Kg6 56. Qg4+ Kf7 57. Kf2 Qe6 58. Qh5+ Kg8 59. Qg5 Kf7 60. Qd8
Qe7 1/2-1/2

[Event "Chess Olympiad (Women)"]
[Site "Khanty-Mansiysk RUS"]
[Date "2010.09.25"]
[EventDate "2010.09.21"]
[Round "5"]
[Result "1/2-1/2"]
[White "Kateryna Lahno"]
[Black "Antoaneta Stefanova"]
[WhiteElo "2539"]
[BlackElo "2551"]
[PlyCount "83"]

1. d4 d5 2. c4 c6 3. Nc3 Nf6 4. Nf3 a6 5. cxd5 cxd5 6. Bf4 Nc6
7. Ne5 Qb6 8. Nxc6 bxc6 9. a3 Qxb2 10. Na4 Qb5 11. f3 Qa5+
12. Kf2 Nd7 13. Qc2 c5 14. dxc5 e5 15. Bd2 Qc7 16. c6 Nb8
17. e3 Bd6 18. Rb1 Ra7 19. Bd3 O-O 20. Bxh7+ Kh8 21. Bf5 Bxf5
22. Qxf5 Qxc6 23. Rb6 Qd7 24. Qxd7 Rxd7 25. Rhb1 Rc8 26. R6b2
Re8 27. Bb4 Bc7 28. Nc5 Rd6 29. Nb7 Rc6 30. Ba5 Nd7 31. Bxc7
Rxc7 32. Nd6 Re7 33. Rb7 Nc5 34. Rxc7 Rxc7 35. Rd1 Rd7 36. Nf5
g6 37. Ng3 d4 38. exd4 exd4 39. Ne4 Nxe4+ 40. fxe4 Kg7 41. e5
Rd5 42. Kf3 1/2-1/2

[Event "Chess Olympiad (Women)"]
[Site "Khanty-Mansiysk RUS"]
[Date "2010.09.27"]
[EventDate "2010.09.21"]
[Round "6"]
[Result "1/2-1/2"]
[White "Antoaneta Stefanova"]
[Black "Natascha Bojkovic"]
[WhiteElo "2551"]
[BlackElo "2368"]
[PlyCount "62"]

1. Nf3 Nf6 2. c4 e6 3. Nc3 Bb4 4. Qc2 O-O 5. a3 Bxc3 6. Qxc3
b6 7. e3 Bb7 8. Be2 Ne4 9. Qc2 Ng5 10. Nxg5 Qxg5 11. Rg1 c5
12. d3 d5 13. Bd2 Nc6 14. O-O-O Qe7 15. g4 Rfd8 16. g5 e5
17. cxd5 Rxd5 18. Qc4 Rad8 19. Rg3 Bc8 20. Bf3 Rxd3 21. Be4
R3d6 22. Qc2 Na5 23. Rgg1 g6 24. h4 Be6 25. Bxa5 Rxd1+
26. Rxd1 Rxd1+ 27. Qxd1 bxa5 28. Qa4 Qc7 29. h5 gxh5 30. Qd1
Qd7 31. Qxh5 Bf5 1/2-1/2

[Event "Chess Olympiad (Women)"]
[Site "Khanty-Mansiysk RUS"]
[Date "2010.09.28"]
[EventDate "2010.09.21"]
[Round "7"]
[Result "0-1"]
[White "Antoaneta Stefanova"]
[Black "Nafisa Muminova"]
[WhiteElo "2551"]
[BlackElo "2319"]
[PlyCount "110"]

1. d4 e6 2. c4 Nf6 3. Nc3 d5 4. Bg5 Nbd7 5. e3 Be7 6. Qc2 O-O
7. cxd5 exd5 8. Bd3 c5 9. Nge2 b6 10. Rd1 Bb7 11. Bf5 c4
12. h4 a6 13. h5 b5 14. Nf4 b4 15. Nce2 h6 16. Bh4 Ne8
17. Bxe7 Qxe7 18. Qa4 Ndf6 19. Qa5 Bc6 20. Ng3 Rb8 21. Bc2 Nd6
22. Nf5 Nxf5 23. Bxf5 Rfd8 24. O-O Ne8 25. Bb1 Qd7 26. e4 Rb5
27. Qa4 dxe4 28. Qc2 Qg4 29. g3 Rg5 30. d5 Bxd5 31. Nxd5 Rgxd5
32. Rxd5 Rxd5 33. Qxc4 Nf6 34. Qxb4 Rxh5 35. Qb8+ Kh7 36. Qf4
Qxf4 37. gxf4 Rf5 38. Rc1 Rxf4 39. Rc6 a5 40. Rc5 Rg4+ 41. Kf1
Rg5 42. Rxg5 hxg5 43. f3 Kg6 44. fxe4 Nd7 45. e5+ Kh5 46. e6
fxe6 47. Kf2 Kh4 48. Bc2 Kh3 49. a3 g4 50. b4 axb4 51. axb4
Kh2 52. Be4 g3+ 53. Kf1 Nb6 54. b5 Nc4 55. Bc6 e5 0-1

[Event "Chess Olympiad (Women)"]
[Site "Khanty-Mansiysk RUS"]
[Date "2010.09.29"]
[EventDate "2010.09.21"]
[Round "8"]
[Result "1/2-1/2"]
[White "Hoang Thanh Trang"]
[Black "Antoaneta Stefanova"]
[WhiteElo "2482"]
[BlackElo "2551"]
[PlyCount "24"]

1. d4 d5 2. c4 c6 3. Nf3 Nf6 4. e3 Bf5 5. cxd5 cxd5 6. Qb3 Qc7
7. Bd2 e6 8. Bb5+ Nfd7 9. O-O Nc6 10. Rc1 Bd6 11. Bxc6 bxc6
12. Bb4 Rf8 1/2-1/2

[Event "Chess Olympiad (Women)"]
[Site "Khanty-Mansiysk RUS"]
[Date "2010.09.30"]
[EventDate "2010.09.21"]
[Round "9"]
[Result "1-0"]
[White "Antoaneta Stefanova"]
[Black "Cristina-Adela Foisor"]
[WhiteElo "2551"]
[BlackElo "2395"]
[PlyCount "67"]

1. d4 d5 2. Bf4 Nf6 3. e3 g6 4. c4 Bg7 5. Nc3 O-O 6. Rc1 c6
7. h3 a6 8. Nf3 b5 9. cxd5 cxd5 10. a4 b4 11. Na2 Bd7 12. Bc7
Qe8 13. a5 Nc6 14. Ne5 Ne4 15. Nxc6 Bxc6 16. Nxb4 Bb7 17. Be2
e5 18. dxe5 Bxe5 19. Bxe5 Qxe5 20. Qd4 Rfe8 21. Rc2 Rac8
22. Rxc8 Bxc8 23. Qxe5 Rxe5 24. O-O Bd7 25. Rd1 Nf6 26. Rd4
Bb5 27. Bxb5 axb5 28. a6 Kg7 29. a7 Re8 30. Nc6 Ra8 31. Rb4
Ne8 32. Rxb5 Nc7 33. Rb7 Ne6 34. b4 1-0

[Event "Chess Olympiad (Women)"]
[Site "Khanty-Mansiysk RUS"]
[Date "2010.10.03"]
[EventDate "2010.09.21"]
[Round "11"]
[Result "0-1"]
[White "Sarah Hoolt"]
[Black "Antoaneta Stefanova"]
[WhiteElo "2251"]
[BlackElo "2551"]
[PlyCount "78"]

1. e4 e5 2. Nf3 Nc6 3. Bc4 Bc5 4. d3 Nf6 5. Bb3 O-O 6. O-O Re8
7. Nbd2 a6 8. c3 d5 9. exd5 Nxd5 10. Ne4 Be7 11. Nfg5 h6
12. Nxf7 Kxf7 13. Qf3+ Kg6 14. Ng3 Nf6 15. d4 Kh7 16. Qd3+ Kh8
17. Qg6 Bf8 18. Bxh6 Ne7 19. Qf7 Ned5 20. Bg5 Be6 21. Qg6 Nf4
22. Bxf4 exf4 23. Bxe6 Rxe6 24. Qf5 Qd6 25. Qh3+ Kg8 26. Nf5
Qd7 27. Qf3 Re4 28. Nh4 Rae8 29. Ng6 Bd6 30. g3 Qf5 31. Nh4
Qb5 32. b3 g5 33. c4 Qd7 34. Ng2 Qh3 35. Ne1 g4 36. Qd3 f3
37. c5 Bf8 38. Nxf3 gxf3 39. Qxf3 Ng4 0-1

[Event "European Club Cup (Women)"]
[Site "Plovdiv BUL"]
[Date "2010.10.18"]
[EventDate "?"]
[Round "2"]
[Result "1-0"]
[White "Antoaneta Stefanova"]
[Black "Natascha Bojkovic"]
[WhiteElo "2551"]
[BlackElo "2368"]
[PlyCount "78"]

1. Nf3 Nf6 2. c4 e6 3. Nc3 Bb4 4. Qb3 c5 5. a3 Ba5 6. e3 O-O
7. Be2 Nc6 8. O-O d5 9. Na4 Qd6 10. Qc2 d4 11. Nxc5 Qxc5
12. b4 Bxb4 13. axb4 Nxb4 14. Qb3 d3 15. Bxd3 Nxd3 16. Qxd3
Qc7 17. Bb2 Rd8 18. Qc3 b6 19. d3 Bb7 20. Ne5 Ne8 21. f4 f6
22. Nf3 Bxf3 23. Rxf3 b5 24. c5 Qc6 25. Ra5 Rd5 26. Ba3 Nc7
27. e4 Rd7 28. Re3 Kh8 29. Bb2 Na6 30. d4 Nc7 31. f5 a6
32. fxe6 Qxe6 33. d5 Qg4 34. Ra1 Re8 35. Rae1 Rdd8 36. c6 f5
37. Rg3 b4 38. Qxg7+ Qxg7 39. Bxg7+ Kg8 1-0

[Event "European Club Cup (Women)"]
[Site "Plovdiv BUL"]
[Date "2010.10.19"]
[EventDate "2010.10.17"]
[Round "3"]
[Result "1/2-1/2"]
[White "Antoaneta Stefanova"]
[Black "Natalia Zhukova"]
[WhiteElo "2551"]
[BlackElo "2499"]
[PlyCount "75"]

1. c4 e5 2. Nc3 Nf6 3. g3 Bb4 4. Qc2 O-O 5. Bg2 Re8 6. Nf3 c6
7. O-O d5 8. cxd5 cxd5 9. Ng5 e4 10. Nh3 h6 11. d3 Bf5
12. dxe4 dxe4 13. Qb3 Nc6 14. Rd1 Qe7 15. Nf4 Bxc3 16. bxc3
Rad8 17. Ba3 Qc7 18. Qb5 Ne5 19. Qc5 Qxc5 20. Bxc5 Nc6 21. Bf1
b6 22. Ba3 Rc8 23. c4 Ne5 24. Nd5 Nxd5 25. cxd5 Nc4 26. Bb4 a5
27. Be1 Red8 28. Rd4 Rc5 29. Rad1 Nd6 30. a4 Bd7 31. Rb1 Rc4
32. Rxc4 Nxc4 33. e3 Ne5 34. Bc3 Nf3+ 35. Kg2 Bxa4 36. Rxb6
Rxd5 37. Ra6 Ng5 38. Rxa5 1/2-1/2

[Event "European Club Cup (Women)"]
[Site "Plovdiv BUL"]
[Date "2010.10.20"]
[EventDate "2010.10.17"]
[Round "4"]
[Result "1/2-1/2"]
[White "Maia Chiburdanidze"]
[Black "Antoaneta Stefanova"]
[WhiteElo "2500"]
[BlackElo "2551"]
[PlyCount "39"]

1. d4 d5 2. c4 c6 3. e3 Nf6 4. Nf3 a6 5. Bd3 Bg4 6. Nbd2 Nbd7
7. O-O e6 8. b3 c5 9. h3 Bh5 10. Bb2 cxd4 11. exd4 Bb4 12. Qc2
dxc4 13. bxc4 Rc8 14. Qb3 Qa5 15. Bc1 b6 16. Rb1 Bd6 17. Bb2
Bb4 18. Bc1 Bd6 19. Bb2 Bb4 20. Bc1 1/2-1/2

[Event "European Club Cup (Women)"]
[Site "Plovdiv BUL"]
[Date "2010.10.21"]
[EventDate "?"]
[Round "5"]
[Result "1-0"]
[White "Antoaneta Stefanova"]
[Black "Elina Danielian"]
[WhiteElo "2551"]
[BlackElo "2466"]
[PlyCount "107"]

1. Nf3 d5 2. c4 dxc4 3. e3 Nf6 4. Bxc4 e6 5. d4 c5 6. O-O Nc6
7. Ne5 cxd4 8. Nxc6 bxc6 9. exd4 Bd6 10. Nc3 Rb8 11. b3 Qc7
12. Kh1 Bb7 13. Bg5 Be7 14. Qf3 Rd8 15. Bf4 Qc8 16. Be5 O-O
17. Qg3 c5 18. Rac1 cxd4 19. Nb5 Qc5 20. Be2 Qd5 21. Rc7 Rd7
22. Bxf6 Bxf6 23. Bc4 Qh5 24. Rxd7 Bc6 25. Rxd4 Bxb5 26. Be2
Bc6 27. Rd2 Qh6 28. f4 g6 29. Qe3 Kg7 30. Qxa7 Ra8 31. Qe3 Ra5
32. Rc1 Bd5 33. Bf3 Bxf3 34. Qxf3 Rd5 35. b4 Bd4 36. a4 Qh4
37. g3 Qd8 38. Rdd1 Qb6 39. Rc4 h5 40. a5 Qd6 41. b5 Qd8
42. Rb4 h4 43. gxh4 Qd6 44. Rb3 Rf5 45. Qe4 Rd5 46. Rbd3 f5
47. Qf3 Qb4 48. b6 Kh6 49. Kg2 Qb2+ 50. Kh3 Qb4 51. h5 Qd6
52. Qg3 gxh5 53. Qg5+ Kh7 54. Rg3 1-0

[Event "European Club Cup (Women)"]
[Site "Plovdiv BUL"]
[Date "2010.10.22"]
[EventDate "?"]
[Round "6"]
[Result "0-1"]
[White "Antoaneta Stefanova"]
[Black "Viktorija Cmilyte"]
[WhiteElo "2551"]
[BlackElo "2513"]
[PlyCount "98"]

1. Nf3 e6 2. c4 f5 3. Nc3 Nf6 4. d4 Bb4 5. Qb3 Qe7 6. Bf4 Nc6
7. e3 Bxc3+ 8. Qxc3 Ne4 9. Qc2 Qb4+ 10. Nd2 d6 11. f3 Nxd2
12. Qxd2 e5 13. dxe5 dxe5 14. Bg3 Qc5 15. Qc3 a5 16. Bf2 O-O
17. Be2 Be6 18. O-O Rad8 19. Rfd1 e4 20. fxe4 fxe4 21. Bg3 Nb4
22. Rd4 Bf5 23. Bh4 Rde8 24. Qb3 b6 25. a3 Nd3 26. Qb5 c6
27. Qb3 Bg6 28. Bg4 Rf4 29. h3 h5 30. Bd7 Rxh4 31. Bxe8 Bxe8
32. Rf1 Bg6 33. Kh2 Qe5+ 34. Kg1 Qg5 35. Qxb6 Qxe3+ 36. Kh2
Kh7 37. Rf8 Rxh3+ 38. gxh3 Qe2+ 39. Kg3 Qe1+ 40. Kg2 Qe2+
41. Kg3 h4+ 42. Kxh4 Qe1+ 43. Kg4 Ne5+ 44. Kf4 Qh4+ 45. Ke3
Qg3+ 46. Ke2 Bh5+ 47. Kd2 Nxc4+ 48. Rxc4 Qd3+ 49. Kc1 Qd1# 0-1

[Event "European Club Cup (Women)"]
[Site "Plovdiv BUL"]
[Date "2010.10.23"]
[EventDate "?"]
[Round "7"]
[Result "1/2-1/2"]
[White "Koneru Humpy"]
[Black "Antoaneta Stefanova"]
[WhiteElo "2593"]
[BlackElo "2551"]
[PlyCount "71"]

1. d4 d5 2. c4 c6 3. Nc3 Nf6 4. e3 e6 5. Nf3 a6 6. Qc2 c5
7. cxd5 exd5 8. Be2 cxd4 9. exd4 Nc6 10. O-O Bd6 11. Bg5 Be6
12. Qd2 h6 13. Bf4 Ne4 14. Qe3 Bxf4 15. Qxf4 g5 16. Qe3 f5
17. Nxe4 dxe4 18. Ne5 O-O 19. Nxc6 bxc6 20. f3 Bd5 21. fxe4
Bxe4 22. Bd3 Qd5 23. Rac1 Kg7 24. Rc5 Qxa2 25. Bxe4 fxe4
26. Rfc1 Qxb2 27. h4 Rad8 28. Rd1 Rf4 29. hxg5 Rg4 30. gxh6+
Kh7 31. Qf2 Qxf2+ 32. Kxf2 Rd6 33. Ra1 Rf6+ 34. Ke3 Rxg2
35. Rxa6 Rgg6 36. Kxe4 1/2-1/2

[Event "Women's World Chess Championship"]
[Site "Antakya TUR"]
[Date "2010.12.04"]
[EventDate "2010.12.04"]
[Round "1"]
[Result "0-1"]
[White "Ingrid Yadira Aliaga Fernandez"]
[Black "Antoaneta Stefanova"]
[WhiteElo "2154"]
[BlackElo "2548"]
[PlyCount "74"]

1. e4 c6 2. d4 d5 3. exd5 cxd5 4. Bd3 Nc6 5. c3 Qc7 6. Nf3 Bg4
7. O-O e6 8. a4 Bd6 9. h3 Bh5 10. Re1 a6 11. Nbd2 Nge7 12. Nf1
h6 13. Ne3 O-O 14. Ng4 f5 15. Nxh6+ gxh6 16. Bxh6 Rf6 17. Bg5
Raf8 18. Bxf6 Rxf6 19. Be2 Bf4 20. Kh1 Rh6 21. Ng1 Bf7 22. Bf3
Kg7 23. b4 Nb8 24. Qd3 Nd7 25. g3 Bd6 26. Ra2 Nf6 27. Kg2 Ne4
28. Bxe4 dxe4 29. Qd2 Nd5 30. Ne2 Bh5 31. Qg5+ Kh7 32. g4 fxg4
33. hxg4 Bxg4 34. Ng1 Bf5 35. Qd2 Nf4+ 36. Kf1 Qc4+ 37. Re2
Rh1 0-1

[Event "Women's World Chess Championship"]
[Site "Antakya TUR"]
[Date "2010.12.04"]
[EventDate "2010.12.04"]
[Round "1"]
[Result "1-0"]
[White "Antoaneta Stefanova"]
[Black "Ingrid Yadira Aliaga Fernandez"]
[WhiteElo "2548"]
[BlackElo "2154"]
[PlyCount "109"]

1. d4 Nf6 2. c4 e6 3. Nc3 d5 4. cxd5 exd5 5. Bg5 c6 6. Qc2 Bd6
7. e3 Bg4 8. Bd3 Nbd7 9. Nge2 Qc7 10. f3 Bh5 11. e4 dxe4
12. fxe4 Bxh2 13. e5 Nxe5 14. dxe5 Qxe5 15. Bxf6 Bg3+ 16. Kd2
gxf6 17. Nxg3 Qf4+ 18. Ke1 Qxg3+ 19. Kf1 Qf4+ 20. Qf2 Qxf2+
21. Kxf2 Bg6 22. Rhe1+ Kf8 23. Rad1 Re8 24. Be4 f5 25. Bf3
Rxe1 26. Rxe1 Kg7 27. Re7 Rb8 28. Na4 Kf6 29. Rc7 Ke5 30. Nc5
Rd8 31. Rxb7 Rd2+ 32. Ke3 Rc2 33. Nd3+ Kd6 34. Ne1 f4+
35. Kxf4 Rc1 36. Rxa7 Rxe1 37. b4 Rc1 38. Rb7 Ra1 39. Ra7 Rc1
40. Ke3 Rc3+ 41. Kd4 Rc2 42. a4 h5 43. a5 h4 44. Rb7 h3
45. gxh3 Rf2 46. Ke3 Rc2 47. a6 Rc3+ 48. Kf4 Bd3 49. a7 Ra3
50. Rxf7 Bb5 51. h4 Ra4 52. Be4 Be2 53. Kg5 Ra1 54. h5 Rg1+
55. Kf6 1-0

[Event "Women's World Chess Championship"]
[Site "Antakya TUR"]
[Date "2010.12.07"]
[EventDate "2010.12.04"]
[Round "2.1"]
[Result "1-0"]
[White "Antoaneta Stefanova"]
[Black "Huang Qian"]
[WhiteElo "2548"]
[BlackElo "2402"]
[PlyCount "115"]

1. d4 Nf6 2. c4 c5 3. d5 e5 4. Nc3 d6 5. e4 Be7 6. Bd3 Nbd7
7. h3 h5 8. h4 Nf8 9. Nf3 Bg4 10. Qa4+ Bd7 11. Qc2 a6 12. g3
g6 13. Rb1 N8h7 14. b4 b6 15. Ng5 O-O 16. f3 Rb8 17. Be3 Nxg5
18. hxg5 Nh7 19. f4 Bg4 20. Be2 Qd7 21. Qd1 Bxe2 22. Qxe2 Rfe8
23. Kd2 f5 24. Qd3 Bf8 25. exf5 e4 26. Nxe4 Qxf5 27. Nf2 Qxd3+
28. Nxd3 Bg7 29. Rb3 Nf8 30. Rhb1 Nd7 31. bxc5 dxc5 32. Nf2
Re7 33. g4 hxg4 34. Nxg4 Rbe8 35. a4 Re4 36. Rc1 Bd4 37. Rd3
Kf7 38. Nh6+ Kg7 39. Re1 Kf8 40. Ng4 Bxe3+ 41. Rdxe3 Rd4+
42. Kc3 Rxe3+ 43. Rxe3 Rxf4 44. Ne5 Nxe5 45. Rxe5 Rf3+ 46. Kd2
b5 47. axb5 axb5 48. cxb5 Rb3 49. d6 Rxb5 50. Kc3 Kf7 51. Kc4
Rb1 52. Kxc5 Rc1+ 53. Kb6 Rb1+ 54. Kc6 Rc1+ 55. Kd7 Rc3
56. Kd8 Rc1 57. d7 Rc2 58. Re7+ 1-0

[Event "Women's World Chess Championship"]
[Site "Antakya TUR"]
[Date "2010.12.08"]
[EventDate "2010.12.04"]
[Round "2.2"]
[Result "1-0"]
[White "Huang Qian"]
[Black "Antoaneta Stefanova"]
[WhiteElo "2402"]
[BlackElo "2548"]
[PlyCount "99"]

1. d4 d5 2. c4 e6 3. Nf3 Nf6 4. Nc3 Be7 5. Bg5 h6 6. Bxf6 Bxf6
7. Qb3 c6 8. e3 Nd7 9. Be2 O-O 10. O-O g6 11. Rfd1 Bg7 12. e4
dxe4 13. Nxe4 Qc7 14. Rac1 a5 15. c5 Rb8 16. Qc2 b6 17. b3
bxc5 18. dxc5 Nf6 19. Nxf6+ Bxf6 20. Rd6 a4 21. Rcd1 axb3
22. axb3 Re8 23. h3 Qb7 24. Bc4 Qb4 25. Qc1 Qxc5 26. Qxh6 Ra8
27. Qf4 Be7 28. Ne5 Rf8 29. Rxc6 Qb4 30. Rc7 Bb7 31. Rdd7 Bd6
32. Rxd6 Qxd6 33. Rxb7 Ra1+ 34. Kh2 Ra2 35. Rxf7 Rxf2
36. Rxf8+ Qxf8 37. Bxe6+ Kg7 38. Qxf8+ Rxf8 39. Bc4 Rf2
40. Kg3 Rb2 41. Nd3 Rc2 42. Kf3 Kf6 43. Bd5 Ke7 44. b4 Kd6
45. Be4 g5 46. b5 Kc7 47. Bc6 Rc4 48. Ne5 Rf4+ 49. Kg3 Kd6
50. Nf3 1-0

[Event "Women's World Chess Championship"]
[Site "Antakya TUR"]
[Date "2010.12.09"]
[EventDate "2010.12.04"]
[Round "2.3"]
[Result "1-0"]
[White "Huang Qian"]
[Black "Antoaneta Stefanova"]
[WhiteElo "2402"]
[BlackElo "2548"]
[PlyCount "109"]

1. d4 d5 2. Nf3 Nf6 3. c4 dxc4 4. e3 Be6 5. Nc3 h6 6. e4 c6
7. a4 Qa5 8. Bd2 Nbd7 9. Be2 g6 10. O-O Bg7 11. h3 Qc7 12. Qc1
g5 13. Rd1 g4 14. Bf4 Qa5 15. hxg4 Bxg4 16. Qe3 Qh5 17. Bxc4
Bxf3 18. Qxf3 Qxf3 19. gxf3 Nh5 20. Be3 Bf6 21. f4 Rg8+
22. Kf1 e6 23. Ke2 O-O-O 24. Rh1 Nb6 25. Bb3 Ng7 26. Rag1 h5
27. f5 Rde8 28. a5 Nd7 29. e5 Bd8 30. f6 Nf5 31. Rxg8 Rxg8
32. Rxh5 c5 33. Rxf5 exf5 34. Bxf7 Rf8 35. Be6 cxd4 36. Bxd4
Bxa5 37. Bc5 Rd8 38. f7 Kc7 39. Bxd7 Kxd7 40. f8=Q Rxf8
41. Bxf8 f4 42. Kd3 Ke6 43. Ke4 Bb6 44. f3 Be3 45. Nd5 Bc1
46. b3 a5 47. Nxf4+ Kf7 48. Bc5 b5 49. e6+ Kf6 50. e7 Kf7
51. Nd5 Bg5 52. f4 Bh4 53. Nc7 Bxe7 54. Bxe7 Kxe7 55. Nxb5 1-0

[Event "Tradewise Gibraltar"]
[Site "Catalan Bay GIB"]
[Date "2011.01.25"]
[EventDate "2011.01.25"]
[Round "1"]
[Result "0-1"]
[White "Alan Tate"]
[Black "Antoaneta Stefanova"]
[WhiteElo "2292"]
[BlackElo "2546"]
[PlyCount "72"]

1. e4 e5 2. Nf3 Nc6 3. Bc4 Bc5 4. c3 Nf6 5. d3 O-O 6. Bb3 d5
7. Nbd2 Be6 8. Qe2 a6 9. h3 h6 10. Nf1 Qd7 11. Ng3 Rad8
12. Bd2 Rfe8 13. Bc2 b5 14. O-O dxe4 15. dxe4 Bc4 16. Qe1 Bxf1
17. Qxf1 Qc8 18. b4 Bf8 19. a4 Qb7 20. Bd3 Rb8 21. Be3 Nd8
22. axb5 axb5 23. Ra7 Qc6 24. Qa1 Nb7 25. Ra6 Qd7 26. Bc2 Nd6
27. Qd1 Qc8 28. Qa1 Qb7 29. Ra7 Ra8 30. Rxa8 Rxa8 31. Qd1 Nc4
32. Nf5 Nxe4 33. Nxe5 Nxe5 34. Qd4 Ra1+ 35. Kh2 Nf3+ 36. gxf3
Ng5 0-1

[Event "Tradewise Gibraltar"]
[Site "Catalan Bay GIB"]
[Date "2011.01.26"]
[EventDate "2011.01.25"]
[Round "2"]
[Result "0-1"]
[White "Antoaneta Stefanova"]
[Black "Francisco Vallejo Pons"]
[WhiteElo "2546"]
[BlackElo "2698"]
[PlyCount "82"]

1. d4 Nf6 2. Bg5 c5 3. d5 d6 4. Nc3 g6 5. e4 Bg7 6. Qd2 Qb6
7. Bb5+ Bd7 8. a4 Bxb5 9. axb5 Nbd7 10. Bh6 O-O 11. Nge2 Bxh6
12. Qxh6 a6 13. bxa6 Qxb2 14. O-O Rxa6 15. Rab1 Qxc2 16. Qe3
Ne5 17. Rxb7 Re8 18. f3 Ra3 19. Rc1 Qd3 20. Qh6 Qa6 21. Rbb1
Nd3 22. Rf1 Qa5 23. Rb5 Qa7 24. h3 c4+ 25. Kh2 Rb3 26. Qd2 Rb8
27. Rxb8+ Rxb8 28. Rb1 Rxb1 29. Nxb1 Qf2 30. Nec3 Qd4 31. Na3
Nh5 32. Nab5 Qe5+ 33. Kg1 Qg3 34. Nd1 Nhf4 35. Kh1 Ne1 36. Qf2
Qxf2 37. Nxf2 Nexg2 38. Na3 Ne3 39. Ng4 Nxg4 40. hxg4 c3
41. Nc2 h5 0-1

[Event "Tradewise Gibraltar"]
[Site "Catalan Bay GIB"]
[Date "2011.01.28"]
[EventDate "2011.01.25"]
[Round "4"]
[Result "1-0"]
[White "Antoaneta Stefanova"]
[Black "Jorgen Hvenekilde"]
[WhiteElo "2546"]
[BlackElo "2121"]
[PlyCount "92"]

1. d4 g6 2. e4 Bg7 3. Nc3 d6 4. f4 e6 5. Nf3 Ne7 6. Be3 a6
7. a4 b6 8. Bd3 c5 9. Ne2 Nbc6 10. c3 O-O 11. O-O cxd4
12. cxd4 Nb4 13. Bb1 a5 14. Ng3 f5 15. Ra3 h6 16. h4 fxe4
17. Bxe4 Nbd5 18. Bd2 Ra7 19. Ne2 Ba6 20. Bd3 Bxd3 21. Rxd3
Nf5 22. Qe1 Qc8 23. Qb1 Qd8 24. g3 Raf7 25. Rb3 Qd7 26. Rb5
Bf6 27. Qe4 Bd8 28. Rc1 Kh8 29. Kg2 Rh7 30. Nc3 Nf6 31. Qd3 d5
32. Ne5 Qg7 33. Ne2 Ne4 34. Rc6 Nfd6 35. Rb3 Rg8 36. Nc3 g5
37. Nxe4 dxe4 38. Qe2 gxf4 39. Bxf4 Nf5 40. h5 Nh4+ 41. Kh3
Qe7 42. Qxe4 Rhg7 43. d5 Rf8 44. Rxe6 Qc5 45. Be3 Qc8 46. Bxh6
Nf5 1-0

[Event "Tradewise Gibraltar"]
[Site "Catalan Bay GIB"]
[Date "2011.01.29"]
[EventDate "2011.01.25"]
[Round "5.44"]
[Result "1-0"]
[White "Andreas Aerni"]
[Black "Antoaneta Stefanova"]
[WhiteElo "2182"]
[BlackElo "2546"]
[PlyCount "75"]

1. e4 e5 2. Nf3 Nc6 3. Nc3 Nf6 4. d4 exd4 5. Nxd4 Bb4 6. Nxc6
bxc6 7. Bd3 d6 8. O-O Ng4 9. h3 Ne5 10. f4 Nxd3 11. Qxd3 a5
12. Qg3 Qf6 13. f5 Bc5+ 14. Kh1 Bd4 15. Bg5 Qe5 16. Bf4 Qc5
17. e5 Ba6 18. exd6 Bxf1 19. Re1+ Kf8 20. Rxf1 Qxf5 21. Qf3 g5
22. Qxc6 Kg7 23. Qc4 c5 24. Be3 Qxf1+ 25. Qxf1 Bxe3 26. Qf5
Rhe8 27. Ne4 Bf4 28. g3 Bc1 29. d7 Re6 30. Nxg5 Re1+ 31. Kg2
Bxb2 32. Qxf7+ Kh6 33. Ne6 Re2+ 34. Kf3 Rxc2 35. d8=Q Rxd8
36. Nxd8 Bd4 37. Qf4+ Kg7 38. Ne6+ 1-0

[Event "Tradewise Gibraltar"]
[Site "Catalan Bay GIB"]
[Date "2011.01.30"]
[EventDate "2011.01.25"]
[Round "6"]
[Result "0-1"]
[White "Franz Josef Becking"]
[Black "Antoaneta Stefanova"]
[WhiteElo "2029"]
[BlackElo "2546"]
[PlyCount "72"]

1. d4 d5 2. Bf4 c5 3. c3 e6 4. e3 Nf6 5. Nd2 Bd6 6. Bg3 Bxg3
7. hxg3 Qd6 8. Bd3 e5 9. dxe5 Qxe5 10. Ngf3 Qe7 11. Qc2 g6
12. O-O O-O 13. Rfe1 c4 14. Be2 Bf5 15. Qc1 Nc6 16. Nd4 Nxd4
17. exd4 Qd6 18. Bf3 Rfe8 19. Nf1 Rxe1 20. Qxe1 Kg7 21. Ne3
Bd3 22. Qd2 a5 23. Re1 h5 24. Nc2 Ne4 25. Bxe4 dxe4 26. Re3
Rh8 27. Ne1 h4 28. Nxd3 exd3 29. b3 b5 30. a4 hxg3 31. fxg3
cxb3 32. axb5 a4 33. Qb2 Ra8 34. Re1 Qd5 35. Re5 a3 36. Qa1 b2
0-1

[Event "Tradewise Gibraltar"]
[Site "Catalan Bay GIB"]
[Date "2011.01.31"]
[EventDate "2011.01.25"]
[Round "7.48"]
[Result "1-0"]
[White "Antoaneta Stefanova"]
[Black "Marc Lacrosse"]
[WhiteElo "2546"]
[BlackElo "2181"]
[PlyCount "59"]

1. d4 d5 2. Bf4 Nf6 3. e3 c5 4. Nc3 a6 5. dxc5 Nc6 6. a3 e5
7. Bg5 Be6 8. b4 Be7 9. Nf3 O-O 10. Be2 Qe8 11. Bh4 Rd8
12. Qc1 Bg4 13. h3 Bh5 14. Bxf6 Bxf6 15. e4 Nd4 16. Bd1 Bg6
17. Qe3 Nb5 18. Nxb5 axb5 19. Nd2 Qc6 20. Bf3 d4 21. Qd3 Bg5
22. Nb3 f5 23. exf5 e4 24. Bxe4 Qxe4+ 25. Qxe4 Bxf5 26. Qxb7
Bxc2 27. Nxd4 Rfe8+ 28. Ne2 Bd2+ 29. Kf1 Bd3 30. Qf3 1-0

[Event "Tradewise Gibraltar"]
[Site "Catalan Bay GIB"]
[Date "2011.02.01"]
[EventDate "2011.01.25"]
[Round "8"]
[Result "1-0"]
[White "Antoaneta Stefanova"]
[Black "Julian Estrada Nieto"]
[WhiteElo "2546"]
[BlackElo "2309"]
[PlyCount "121"]

1. Nf3 d5 2. c4 dxc4 3. e3 Nf6 4. Bxc4 e6 5. O-O c5 6. Qe2 a6
7. Rd1 Nc6 8. d4 Be7 9. Nc3 Qc7 10. d5 exd5 11. Nxd5 Nxd5
12. Bxd5 O-O 13. Bd2 Nb4 14. Bxb4 cxb4 15. Rac1 Qb6 16. Ne5
Be6 17. Nc4 Qb5 18. Bxe6 fxe6 19. Qg4 Rf6 20. Qe4 Raf8 21. f4
Bc5 22. g3 b6 23. b3 Qe8 24. Rd3 Qh5 25. Rc2 Qf5 26. Qxf5 exf5
27. Kf2 Re6 28. Ne5 Rfe8 29. Rcd2 R6e7 30. h4 g6 31. Kf3 Kg7
32. Rd7 Kf6 33. Rd8 Kg7 34. R2d3 Kg8 35. g4 fxg4+ 36. Kxg4 Kg7
37. Kf3 Re6 38. R8d7+ R8e7 39. Rd8 Re8 40. R3d7+ R8e7 41. Rd2
Re8 42. R8d5 Be7 43. h5 Bc5 44. e4 R8e7 45. Rg2 a5 46. Rd8 Bd6
47. Nc4 Bc7 48. h6+ Kxh6 49. Rg8 Bxf4 50. Kxf4 Rxe4+ 51. Kf3
b5 52. Nd6 Re1 53. Nf5+ Kh5 54. Nxe7 Rxe7 55. Rb8 Re5 56. Rh2+
Kg5 57. Rxh7 Rc5 58. Rhb7 Rc3+ 59. Ke4 Rc2 60. Rxb5+ Kg4
61. Rxa5 1-0

[Event "Tradewise Gibraltar"]
[Site "Catalan Bay GIB"]
[Date "2011.02.03"]
[EventDate "2011.01.25"]
[Round "10.35"]
[Result "1/2-1/2"]
[White "Antoaneta Stefanova"]
[Black "Espen Forsaa"]
[WhiteElo "2546"]
[BlackElo "2306"]
[PlyCount "60"]

1. d4 e6 2. Nf3 Nf6 3. c4 d5 4. g3 dxc4 5. Bg2 Bb4+ 6. Nc3 O-O
7. O-O Nc6 8. e3 Rb8 9. Qe2 b5 10. Rd1 Nd5 11. Bd2 Nxc3
12. bxc3 Bd6 13. e4 e5 14. dxe5 Nxe5 15. Nxe5 Bxe5 16. f4 Bd6
17. Be3 Qe7 18. Bxa7 Bc5+ 19. Bxc5 Qxc5+ 20. Qf2 Qxf2+
21. Kxf2 Bg4 22. Rd5 c6 23. Rd6 Rfd8 24. e5 c5 25. a4 bxa4
26. Rxa4 Rb2+ 27. Kg1 Rb1+ 28. Kf2 Rb2+ 29. Kg1 Rb1+ 30. Kf2
Rb2+ 1/2-1/2